00629 2200205 4500001002100000005001500021007000300036008004100039020002200080035002000102082001000122084001600132100001100148245012800159260003400287300003100321650003400352856002100386990001600407INLIS00000000000731820241005111052ta241005 0 ind  a978-623-372-423-4 a0010-1024000001 a658.3 a658.3 WIB m0 aWibowo1 aManajemen sumber daya manusia menghadapi tumbuhnya generasi milenial di era revolusi industri 4.0 dan society 5.0 /cWibowo adepok :brajawali pres,c2022 axviii,306p :bilus ;c23cm 4aManajemen sumber daya manusia aALUMNI MANAJEMEN a00000012660